000 01288nam0a2200325 4500
001 RU\NLR\bibl\460479
005 20260405184648.0
010 _a5-95630-010-8
_92000
021 _aRU
_b2003-49858
_92406
035 _a(NLR Aleph) 000453947
090 _a891524
_c891524
100 _a20031117d2003 |||y0rusy50 ca
101 0 _arus
102 _aRU
105 _aa |||||||||
200 1 _aПорядок и хаос рынка акционерного капитала России
_fИ.Г. Шевченко
210 _aМ.
_cУпр. персоналом
_d2003
215 _a216 с.
_cил.
_d21
225 1 _aБиблиотека журнала "Управление персоналом"
320 _aБиблиогр.: с. 202-215 (321 назв.)
320 _aДр. работы авт. на обороте тит. л.
606 0 _aЦенные бумаги
_xРынки
_yРоссийская Федерация
_92121921
_3RU\NLR\auth\661281220
686 _aУ26(2)229.5
700 1 _4070
_8rus
_7ca
_aШевченко
_bИ. Г.
_cд-р экон. наук
_gИгорь Георгиевич
_3RU\NLR\auth\7781098
_964026
801 0 _aRU
_bNLR
_c20031117
_gPSBO
801 1 _aRU
_bNLR
_c20031117
830 _aАвт. по кн.
942 _cBOOK
980 _aNB